000 00705cam a2200241 4500
001 ABS68260
008 040929n2004 000 0 eng u
035 _a(Sirsi) u127558
245 _aLicensed and leisure property
260 _c2004
490 _aEstates Gazette
_vFocus Supplement September 2004 (32) (LOAN)
520 _aA joint "Estates Gazette" and "Caterer and Hotelkeeper" supplement on the licensed and leisure property market.
590 _aABS
590 _aABS
650 _aLICENSED PROPERTY
650 _aLEISURE PROPERTY
650 _aRESTAURANTS
650 _aFAST FOOD OUTLETS
650 _aPUBS
650 _aHOTELS
690 _aLEISURE AND RECREATION
942 _n0
999 _c118084
_d118084